banner-ar

الدراسات الادبية لاسلوب القران الكريم فى العصر الحديث / (Record no. 8392)

MARC details
000 -الفاتح
حقل البيانات ثابتة الطول 00732nam a2200217Ia 4500
008 - عناصر البيانات ثابتة الطول - معلومات عامة
حقل البيانات ثابتة الطول 140319s9999 xx 000 0 ara d
020 ## - الرقم الدولى المعيارى للكتب
الرقم الدولى المعيارى للكتاب 1301119957
040 ## - مصدر الفهرسة
وكالة الفهرسة الأصلية GCL /
وكالة النسخ GCL
082 04 - رقم تصنيف ديوى العشرى
رقم التصنيف 229.48
رقم المادة م د
100 1# - المدخل الرئيسى - إسم شخصى
الإسم الشخصى محمد احمد الاشقر
245 10 - بيان العنوان
العنوان الدراسات الادبية لاسلوب القران الكريم فى العصر الحديث /
بيان المسئوليه,etc محمد احمد الاشقر
250 ## - بيان الطبعة
بيان الطبعة الاولى
260 ## - PUBLICATION, DISTRIBUTION, ETC. (IMPRINT)
تاريخ النشر أو التوزيع 2003
300 ## - الوصف المادى
التعداد 191 ص ؛
أبعاد الوعاء 24 سم
650 04 - المدخل الاضافى بالموضوع-مصطلح موضوعى
مصطلح موضوعي الادب الدينى
650 04 - المدخل الاضافى بالموضوع-مصطلح موضوعى
مصطلح موضوعي القران - بلاغة
650 04 - المدخل الاضافى بالموضوع-مصطلح موضوعى
مصطلح موضوعي القران - تفاسير
650 04 - المدخل الاضافى بالموضوع-مصطلح موضوعى
مصطلح موضوعي القران والادب
942 ## - عناصر المدخل الإضافي( كوها)
مصدر التصنيف او مخطط الترفيف Dewey Decimal Classification
Koha [default] item type كتاب
260 ## - PUBLICATION, DISTRIBUTION, ETC. (IMPRINT)
-- الاردن :
-- دار وائل للنشر ،
Holdings
حالة التراجع حالة الفقد حالة تلف ليس للاعارة المكان المؤقت الموقع الحالى تاريخ الاكتساب اجمالي اﻻعارات رقم الطلب الباركود تاريخ اخر مشاهدة تاريخ تفعيل السعر نوع وعاء كوها
        مكتبة القاهرة الكبرى مكتبة القاهرة الكبرى 03/26/2014   229.48\م د 17518 03/26/2014 03/26/2014 كتاب
        مكتبة القاهرة الكبرى مكتبة القاهرة الكبرى 03/26/2014   229.48\م د 17519 03/26/2014 03/26/2014 كتاب

Powered By

EGPV